LEADER 13668cas a22021491a 4500
001 c000231102
003 CARM
005 20181205102853.0
008 801217c19229999maubr p 0 a0eng
010 |a 25010769 
019 1 |a 1871876  |z 7294807  |z 24828847  |z 6126434  |5 LACONCORD2021 
022 |a 0017-8012 
030 |a HABRAX 
035 |a (OCoLC)219922505  |5 LACONCORD2021 
040 |a LC  |b eng  |c LC  |d ANL 
042 |a nsdp  |a lc 
050 0 0 |a HF5001  |b .H3 
082 0 4 |a 330.904 
210 0 |a Harvard bus. rev 
222 0 |a Harvard business review 
245 0 0 |a Harvard business review. 
246 3 3 |a Harvard business review  |g periodical 
260 |a Boston [etc.] :  |b Graduate School of Business Administration, Harvard University. 
300 |a v. :  |b ill. ;  |c 23-29 cm. 
310 |a Bimonthly,  |b 1948- 
321 |a Quarterly,  |b 1922-47 
362 0 |a Vol. 1 (Oct. 1922)- 
506 |a Restricted to licenced organisations with IP address or password. 
510 1 |a ABI/INFORM,  |b Sept. 1971- 
510 1 |a Business periodicals index,  |x 0007-6961 
510 1 |a Magazine index,  |b 1977- 
510 2 |a Accountants' index. Supplement,  |x 0748-7975 
510 2 |a Book review index,  |x 0524-0581 
510 2 |a Coal abstracts,  |x 0309-4979 
510 2 |a Computer & control abstracts,  |x 0036-8113,  |b 1970-1991 
510 2 |a Electrical & electronics abstracts,  |x 0036-8105,  |b 1970-1991 
510 2 |a Energy information abstracts,  |x 0147-6521 
510 2 |a Energy research abstracts,  |x 0160-3604 
510 2 |a Environment abstracts,  |x 0093-3287 
510 2 |a Hospital literature index,  |x 0018-5736 
510 2 |a Infobank,  |b Jan. 1969- 
510 2 |a International aerospace abstracts,  |x 0020-5842 
510 2 |a Management and marketing abstracts,  |x 0308-2172 
510 2 |a Physics abstracts,  |x 0036-8091,  |b 1970-1991 
510 2 |a Popular magazine review,  |x 0740-3763,  |b 1984- 
510 2 |a Public Affairs Information Service bulletin,  |x 0033-3409 
510 2 |a Ship abstracts,  |x 0346-1025 
510 0 |a Biography index,  |x 0006-3053 
510 0 |a Readers' guide to periodical literature,  |x 0034-0464 
515 |a Vols. 1-15, 1922-37, with v. 16; Vols. 16-25, 1937-47, in v. 25; Vols. 26-35, 1948-57. 1 v. 
525 |a Supplements accompany some numbers. 
530 |a Electronic version available via Expanded Academic ASAP. 
555 |a Vols. 1-15, 1922-37, with v. 16; Vols. 16-25, 1937-47, in v. 25; Vols. 26-35, 1948-57. 1 v 
580 |a Supplements accompany some numbers. 
650 0 |a Business  |v Periodicals. 
650 0 |a Economic history  |v Periodicals. 
710 2 |a Harvard University.  |b Graduate School of Business Administration 
767 0 |t Harvard business review. Finnish. Harvard aikakauskirja  |w (DLC)sc 85005394  |w (OCoLC) 11196565 
767 0 |t Harvard business review. Chinese. Ha-fo-Ou Ya kung shang pʻing lun  |w (DLC)sc 84005102  |w (OCoLC)10679948 
856 4 |u http://search.epnet.com/direct.asp?jid=HBR&db=buh  |z Harvard Business Review 
856 4 |u http://infotrac.galegroup.com/itw/infomark/1/1/1/purl=rc18%5fEAIM%5F0%5F%5Fjn+%22Harvard+Business+Review%22  |z Expanded Academic ASAP 
856 4 |u http://infotrac.galegroup.com/itw/infomark/1/1/1/purl=rc18%5fEAIM%5F0%5F%5Fjn+%22Harvard+Business+Review%22  |z Expanded Academic ASAP 
856 4 |u http://www.hbsp.harvard.edu/products/hbr/marapr00/index.html  |z Table of contents and abstracts 
856 4 |x ISD5: AAAR  |u NA 
852 8 |b CARM  |h A1:AQ03C0  |i F01630  |p 0319580  |j 71:1(1993:01/02)-71:5(1993:09/10);80:1(2002:01)-81:12(2003:12)  |f SE 
852 8 |b CARM  |h A1:AQ15C4  |i F01708  |p 0268952  |j 72:1(1994:01/02)-74:1(1996:01/02)  |f SE 
852 8 |b CARM  |h A1:AQ15C4  |i F01708  |p 0268953  |j 74:3(1996:05/06)-74:6(1996:11/12)  |f SE 
852 8 |b CARM  |h A1:AQ15C4  |i F01708  |p 0268954  |j 76:1(1998:01/02)-76:6(1998:11/12)  |f SE 
852 8 |b CARM  |h A1:AP16C0  |i F01781  |p 0340739  |j 75(1997)  |f SE 
852 8 |b CARM  |h A1:AP16C0  |i F01781  |p 0340740  |j 82:2(2004:02)-83:10(2005:10);83:12(2005:12)-84:2(2006:02)+indexes  |f SE 
852 8 |b CARM  |h A1:AP16C0  |i F01776  |p 0343849  |j 77(1999)-79(2001)  |f SE 
852 8 |b CARM  |h A1:AM22D0  |i F02947  |p 0398043  |j 74:2(1996:03/04)  |f SE 
852 8 |b CARM  |i C13290  |p 0649692  |j 1:1(1922:10)-6:4(1928:07)  |f SE 
852 8 |b CARM  |i C13291  |p 0649691  |j 8:1(1929:10)-8:4(1930:07)  |f SE 
852 8 |b CARM  |i C13580  |p 0507553  |j 7:1(1928:10)-7:4(1929:07),9:1(1930:10)-9:4(1931:07),20:1(1941:Aut)-26:6(1948:11)  |f SE 
852 8 |b CARM  |i C13292  |p 0649701  |j 10:1(1931:10)-11:4(1933:07)  |f SE 
852 8 |b CARM  |i C13581  |p 0507554  |j 12:1(1933:10)-19:4(1941:Sum),27:1(1949:01)-27:6(1949:11)  |f SE 
852 8 |b CARM  |i F09735  |p 0507549  |j 28:1(1950:01)-31:6(1953:11/12)  |f SE 
852 8 |b CARM  |i F09737  |p 0507550  |j 36:1(1958:01/02)-38:6(1960:11/12)  |f SE 
852 8 |b CARM  |i F09736  |p 0507551  |j 33(1955),39:1(1961:01/02)-40:6(1962:11/12)  |f SE 
852 8 |b CARM  |i F09744  |p 0481688  |j 32(1945),34(1956)-35(1957)  |f SE 
852 8 |b CARM  |i F09738  |p 0507552  |j 41:1(1963:01/02)-43:6(1965:11/12)  |f SE 
852 8 |b CARM  |i F09746  |p 0481690  |j 44(1966)-46(1968)  |n v. 45 in poor condition  |f SE 
852 8 |b CARM  |i F09742  |p 0481686  |j 47(1969)-49(1971),51(1973)  |n v.47 & 51 in poor condition  |f SE 
852 8 |b CARM  |i F09745  |p 0481689  |j 52(1974)-55(1977)  |f SE 
852 8 |b CARM  |i F09743  |p 0481687  |j 50(1972),56(1978)-57(1979),61(1983)  |f SE 
852 8 |b CARM  |i F09740  |p 0481684  |j 58:1(1980:01/02)-60(1982:11/12)  |f SE 
852 8 |b CARM  |i F09739  |p 0481683  |j 62:1(1984:01/02)-65:6(1987:11/12)  |f SE 
852 8 |b CARM  |i F09741  |p 0481685  |j 67:1(1989:01/02)-68(1990:11/12),84:1(2006:01)-84:12(2006:12)  |f SE 
852 8 |b CARM  |i F09747  |p 0481691  |j 70(1992),85(2007:01)-86(2008:12)  |f SE 
852 8 |b CARM  |i F09748  |p 0481692  |j 87(2009:01)-89(2011:12)  |f SE 
852 8 |b CARM  |i F09749  |p 0481721  |j 90(2012:01)-(2014:11)  |f SE 
852 8 |b SCAN  |h A3:AI38F0  |i C13580  |p 0507553  |f SE 
852 8 |b SCAN  |h A3:AI38F0  |i C13581  |p 0507554  |f SE 
852 8 |b SCAN  |h A3:AM21D0  |i F09735  |p 0507549  |f SE 
852 8 |b SCAN  |h A3:AM21D0  |i F09736  |p 0507550  |f SE 
852 8 |b SCAN  |h A3:AM21D0  |i F09737  |p 0507551  |f SE 
852 8 |b SCAN  |h A3:AM21D0  |i F09738  |p 0507552  |f SE 
852 8 |b SCAN  |h A3:AM21E0  |i F09739  |p 0481683  |f SE 
852 8 |b SCAN  |h A3:AM21E0  |i F09740  |p 0481684  |f SE 
852 8 |b SCAN  |h A3:AM21E0  |i F09741  |p 0481685  |f SE 
852 8 |b SCAN  |h A3:AM21E0  |i F09742  |p 0481686  |f SE 
852 8 |b SCAN  |h A3:AM21E0  |i F09743  |p 0481687  |f SE 
852 8 |b SCAN  |h A3:AM21E0  |i F09744  |p 0481688  |f SE 
852 8 |b SCAN  |h A3:AM21E0  |i F09745  |p 0481689  |f SE 
852 8 |b SCAN  |h A3:AM21E0  |i F09746  |p 0481690  |f SE 
852 8 |b SCAN  |h A3:AM21E0  |i F09747  |p 0481691  |f SE 
852 8 |b SCAN  |h A3:AM21E0  |i F09748  |p 0481692  |f SE 
852 8 |b SCAN  |h A3:AM21F0  |i F09749  |p 0481721  |f SE 
852 8 |b SCAN  |h A3:AP27F0  |i C13290  |p 0649692  |f SE 
852 8 |b SCAN  |h A3:AP27F0  |i C13291  |p 0649691  |f SE 
852 8 |b SCAN  |h A3:AP27F0  |i C13292  |p 0649701  |f SE 
852 8 |b SCAN  |h A3:AI38F0  |i C13580  |p 0507553  |f SE 
852 8 |b SCAN  |h A3:AI38F0  |i C13581  |p 0507554  |f SE 
852 8 |b SCAN  |h A3:AM21D0  |i F09735  |p 0507549  |f SE 
852 8 |b SCAN  |h A3:AM21D0  |i F09736  |p 0507550  |f SE 
852 8 |b SCAN  |h A3:AM21D0  |i F09737  |p 0507551  |f SE 
852 8 |b SCAN  |h A3:AM21D0  |i F09738  |p 0507552  |f SE 
852 8 |b SCAN  |h A3:AM21E0  |i F09739  |p 0481683  |f SE 
852 8 |b SCAN  |h A3:AM21E0  |i F09740  |p 0481684  |f SE 
852 8 |b SCAN  |h A3:AM21E0  |i F09741  |p 0481685  |f SE 
852 8 |b SCAN  |h A3:AM21E0  |i F09742  |p 0481686  |f SE 
852 8 |b SCAN  |h A3:AM21E0  |i F09743  |p 0481687  |f SE 
852 8 |b SCAN  |h A3:AM21E0  |i F09744  |p 0481688  |f SE 
852 8 |b SCAN  |h A3:AM21E0  |i F09745  |p 0481689  |f SE 
852 8 |b SCAN  |h A3:AM21E0  |i F09746  |p 0481690  |f SE 
852 8 |b SCAN  |h A3:AM21E0  |i F09747  |p 0481691  |f SE 
852 8 |b SCAN  |h A3:AM21E0  |i F09748  |p 0481692  |f SE 
852 8 |b SCAN  |h A3:AM21F0  |i F09749  |p 0481721  |f SE 
852 8 |b SCAN  |h A3:AP27F0  |i C13290  |p 0649692  |f SE 
852 8 |b SCAN  |h A3:AP27F0  |i C13291  |p 0649691  |f SE 
852 8 |b SCAN  |h A3:AP27F0  |i C13292  |p 0649701  |f SE 
866 0 |a 1:1(1922:10)-(2014:11) Inc. 
999 f f |i cd478548-7539-5395-955d-c97330911a80  |s 5f715fed-8ac3-5d71-8ffe-df419a2d8dd5 
952 f f |p Can circulate  |a CAVAL  |b CAVAL  |c CAVAL  |d CARM 1 Store  |e F01776  |f A1:AP16C0  |h Other scheme  |i book  |k 77(1999)-79(2001)  |m 0343849 
952 f f |p Can circulate  |a CAVAL  |b CAVAL  |c CAVAL  |d CARM 1 Store  |e F09741  |h Other scheme  |i book  |k 67:1(1989:01/02)-68(1990:11/12),84:1(2006:01)-84:12(2006:12)  |m 0481685 
952 f f |p Can circulate  |a CAVAL  |b CAVAL  |c CAVAL  |d CARM 1 Store  |e F09743  |h Other scheme  |i book  |k 50(1972),56(1978)-57(1979),61(1983)  |m 0481687 
952 f f |p Can circulate  |a CAVAL  |b CAVAL  |c CAVAL  |d CARM 1 Store  |e F01630  |f A1:AQ03C0  |h Other scheme  |i book  |k 71:1(1993:01/02)-71:5(1993:09/10);80:1(2002:01)-81:12(2003:12)  |m 0319580 
952 f f |p Can circulate  |a CAVAL  |b CAVAL  |c CAVAL  |d CARM 1 Store  |e C13290  |h Other scheme  |i book  |k 1:1(1922:10)-6:4(1928:07)  |m 0649692 
952 f f |p Can circulate  |a CAVAL  |b CAVAL  |c CAVAL  |d CARM 1 Store  |e F09747  |h Other scheme  |i book  |k 70(1992),85(2007:01)-86(2008:12)  |m 0481691 
952 f f |p Can circulate  |a CAVAL  |b CAVAL  |c CAVAL  |d CARM 1 Store  |e F09740  |h Other scheme  |i book  |k 58:1(1980:01/02)-60(1982:11/12)  |m 0481684 
952 f f |p Can circulate  |a CAVAL  |b CAVAL  |c CAVAL  |d CARM 1 Store  |e F09745  |h Other scheme  |i book  |k 52(1974)-55(1977)  |m 0481689 
952 f f |p Can circulate  |a CAVAL  |b CAVAL  |c CAVAL  |d CARM 1 Store  |e C13581  |h Other scheme  |i book  |k 12:1(1933:10)-19:4(1941:Sum),27:1(1949:01)-27:6(1949:11)  |m 0507554 
952 f f |p Can circulate  |a CAVAL  |b CAVAL  |c CAVAL  |d CARM 1 Store  |e F01708  |f A1:AQ15C4  |h Other scheme  |i book  |k 72:1(1994:01/02)-74:1(1996:01/02)  |m 0268952 
952 f f |p Can circulate  |a CAVAL  |b CAVAL  |c CAVAL  |d CARM 1 Store  |e F09737  |h Other scheme  |i book  |k 36:1(1958:01/02)-38:6(1960:11/12)  |m 0507550 
952 f f |p Can circulate  |a CAVAL  |b CAVAL  |c CAVAL  |d CARM 1 Store  |e C13292  |h Other scheme  |i book  |k 10:1(1931:10)-11:4(1933:07)  |m 0649701 
952 f f |p Can circulate  |a CAVAL  |b CAVAL  |c CAVAL  |d CARM 1 Store  |e F01781  |f A1:AP16C0  |h Other scheme  |i book  |k 75(1997)  |m 0340739 
952 f f |p Can circulate  |a CAVAL  |b CAVAL  |c CAVAL  |d CARM 1 Store  |e C13580  |h Other scheme  |i book  |k 7:1(1928:10)-7:4(1929:07),9:1(1930:10)-9:4(1931:07),20:1(1941:Aut)-26:6(1948:11)  |m 0507553 
952 f f |p Can circulate  |a CAVAL  |b CAVAL  |c CAVAL  |d CARM 1 Store  |e F09742  |h Other scheme  |i book  |k 47(1969)-49(1971),51(1973)  |m 0481686 
952 f f |p Can circulate  |a CAVAL  |b CAVAL  |c CAVAL  |d CARM 1 Store  |e F01708  |f A1:AQ15C4  |h Other scheme  |i book  |k 76:1(1998:01/02)-76:6(1998:11/12)  |m 0268954 
952 f f |p Can circulate  |a CAVAL  |b CAVAL  |c CAVAL  |d CARM 1 Store  |e F09744  |h Other scheme  |i book  |k 32(1945),34(1956)-35(1957)  |m 0481688 
952 f f |p Can circulate  |a CAVAL  |b CAVAL  |c CAVAL  |d CARM 1 Store  |e F01708  |f A1:AQ15C4  |h Other scheme  |i book  |k 74:3(1996:05/06)-74:6(1996:11/12)  |m 0268953 
952 f f |p Can circulate  |a CAVAL  |b CAVAL  |c CAVAL  |d CARM 1 Store  |e F09738  |h Other scheme  |i book  |k 41:1(1963:01/02)-43:6(1965:11/12)  |m 0507552 
952 f f |p Can circulate  |a CAVAL  |b CAVAL  |c CAVAL  |d CARM 1 Store  |e F09736  |h Other scheme  |i book  |k 33(1955),39:1(1961:01/02)-40:6(1962:11/12)  |m 0507551 
952 f f |p Can circulate  |a CAVAL  |b CAVAL  |c CAVAL  |d CARM 1 Store  |e F09735  |h Other scheme  |i book  |k 28:1(1950:01)-31:6(1953:11/12)  |m 0507549 
952 f f |p Can circulate  |a CAVAL  |b CAVAL  |c CAVAL  |d CARM 1 Store  |e F02947  |f A1:AM22D0  |h Other scheme  |i book  |k 74:2(1996:03/04)  |m 0398043 
952 f f |p Can circulate  |a CAVAL  |b CAVAL  |c CAVAL  |d CARM 1 Store  |e F09749  |h Other scheme  |i book  |k 90(2012:01)-(2014:11)  |m 0481721 
952 f f |p Can circulate  |a CAVAL  |b CAVAL  |c CAVAL  |d CARM 1 Store  |e F01781  |f A1:AP16C0  |h Other scheme  |i book  |k 82:2(2004:02)-83:10(2005:10);83:12(2005:12)-84:2(2006:02)+indexes  |m 0340740 
952 f f |p Can circulate  |a CAVAL  |b CAVAL  |c CAVAL  |d CARM 1 Store  |e F09739  |h Other scheme  |i book  |k 62:1(1984:01/02)-65:6(1987:11/12)  |m 0481683 
952 f f |p Can circulate  |a CAVAL  |b CAVAL  |c CAVAL  |d CARM 1 Store  |e F09748  |h Other scheme  |i book  |k 87(2009:01)-89(2011:12)  |m 0481692 
952 f f |p Can circulate  |a CAVAL  |b CAVAL  |c CAVAL  |d CARM 1 Store  |e F09746  |h Other scheme  |i book  |k 44(1966)-46(1968)  |m 0481690 
952 f f |p Can circulate  |a CAVAL  |b CAVAL  |c CAVAL  |d CARM 1 Store  |e C13291  |h Other scheme  |i book  |k 8:1(1929:10)-8:4(1930:07)  |m 0649691 
952 f f |a CAVAL  |b CAVAL  |c CAVAL  |d Unmapped Location  |e F09746  |f A3:AM21E0  |h Other scheme 
952 f f |a CAVAL  |b CAVAL  |c CAVAL  |d Unmapped Location  |e F09743  |f A3:AM21E0  |h Other scheme 
952 f f |a CAVAL  |b CAVAL  |c CAVAL  |d Unmapped Location  |e C13290  |f A3:AP27F0  |h Other scheme 
952 f f |a CAVAL  |b CAVAL  |c CAVAL  |d Unmapped Location  |e F09738  |f A3:AM21D0  |h Other scheme 
952 f f |a CAVAL  |b CAVAL  |c CAVAL  |d Unmapped Location  |e F09736  |f A3:AM21D0  |h Other scheme 
952 f f |a CAVAL  |b CAVAL  |c CAVAL  |d Unmapped Location  |e C13291  |f A3:AP27F0  |h Other scheme 
952 f f |a CAVAL  |b CAVAL  |c CAVAL  |d Unmapped Location  |e F09741  |f A3:AM21E0  |h Other scheme 
952 f f |a CAVAL  |b CAVAL  |c CAVAL  |d Unmapped Location  |e C13581  |f A3:AI38F0  |h Other scheme 
952 f f |a CAVAL  |b CAVAL  |c CAVAL  |d Unmapped Location  |e F09748  |f A3:AM21E0  |h Other scheme 
952 f f |a CAVAL  |b CAVAL  |c CAVAL  |d Unmapped Location  |e F09744  |f A3:AM21E0  |h Other scheme 
952 f f |a CAVAL  |b CAVAL  |c CAVAL  |d Unmapped Location  |e C13580  |f A3:AI38F0  |h Other scheme 
952 f f |a CAVAL  |b CAVAL  |c CAVAL  |d Unmapped Location  |e F09747  |f A3:AM21E0  |h Other scheme 
952 f f |a CAVAL  |b CAVAL  |c CAVAL  |d Unmapped Location  |e F09742  |f A3:AM21E0  |h Other scheme 
952 f f |a CAVAL  |b CAVAL  |c CAVAL  |d Unmapped Location  |e F09735  |f A3:AM21D0  |h Other scheme 
952 f f |a CAVAL  |b CAVAL  |c CAVAL  |d Unmapped Location  |e F09737  |f A3:AM21D0  |h Other scheme 
952 f f |a CAVAL  |b CAVAL  |c CAVAL  |d Unmapped Location  |e F09740  |f A3:AM21E0  |h Other scheme 
952 f f |a CAVAL  |b CAVAL  |c CAVAL  |d Unmapped Location  |e F09749  |f A3:AM21F0  |h Other scheme 
952 f f |a CAVAL  |b CAVAL  |c CAVAL  |d Unmapped Location  |e F09745  |f A3:AM21E0  |h Other scheme 
952 f f |a CAVAL  |b CAVAL  |c CAVAL  |d Unmapped Location  |e F09739  |f A3:AM21E0  |h Other scheme 
952 f f |a CAVAL  |b CAVAL  |c CAVAL  |d Unmapped Location  |e C13292  |f A3:AP27F0  |h Other scheme